Monitorovanie glykémií pomocou suchej kvapky ; A. Pírek, M. Galvánek, A. Kreze, Ľ. Popovič, Z. Putz, Z. Bouša, I. Šťava

Bibliographic Details
Main Authors: Pírek, A. (Author), Galvánek, M. (Author), Kreze, Alexander, 1929-2018 (Author), Popovič, Ľ. (Author), Putz, Zdeněk (Author), Bouša, Z. (Author), Šťava, I. (Author)
Format: Article
Language:Slovak
PhysicalDescription:Tb. 1. Grafy 3. Res. rus., angl., lit. 11 zázn. v slov., češ., angl.
Subjects:

MARC

LEADER 00000nab a2200000 a 4500
001 vtls000176209
003 SK-MaSNL
005 20260305011026.0
008 220422c1984 xo 0 slo
015 |a SNBRB19rr/mm-uuuuu 
035 |a CL0186322 
040 |a SNKBUCL  |b slo  |c SNKBUCL  |e AACR2 
041 0 |a slo 
044 |a xo  |c SK 
080 |a 616.379-008.64  |2 1981 
080 |a 616.154.45  |2 1981 
080 |a 616-79  |2 1981 
245 0 0 |a Monitorovanie glykémií pomocou suchej kvapky ; A. Pírek, M. Galvánek, A. Kreze, Ľ. Popovič, Z. Putz, Z. Bouša, I. Šťava 
300 |b Tb. 1. Grafy 3. Res. rus., angl., lit. 11 zázn. v slov., češ., angl. 
650 0 7 |a diabetes mellitus  |2 snkbucl  |9 72741 
650 0 7 |a glykémia  |2 snkbucl  |9 21013 
655 7 |a články z novín a časopisov  |2 snkbucl  |9 267496 
700 1 |a Pírek, A.  |4 aut  |9 1507670 
700 1 |a Galvánek, M.  |4 aut  |9 537308 
700 1 |a Kreze, Alexander,  |d 1929-2018  |4 aut  |9 211984 
700 1 |a Popovič, Ľ.  |4 aut  |9 957703 
700 1 |a Putz, Zdeněk  |4 aut  |9 777313 
700 1 |a Bouša, Z.  |4 aut  |9 1586723 
700 1 |a Šťava, I.  |4 aut  |9 1586715 
773 0 |t Vnitřní lékařství  |g Roč. 30, č. 1 (1984), s. 6é060-65.! 
850 |a Slovenská národná knižnica v Martine  |a MTA001 
852 |a SNK  |b KIS3GCP 
958 |a NB 
958 |a RK 
958 |a ME 
992 |a RBX 
999 |c 3250331  |d 3252261